| 000 | 01388cam a2200301 4500 | ||
|---|---|---|---|
| 001 | J120976 | ||
| 008 | #DATE n2003 000 0 eng u | ||
| 035 | _a(Sirsi) u120976 | ||
| 041 | _aeng | ||
| 050 |
_a333.0062 _c18 |
||
| 110 |
_aRoyal Institution of Chartered Surveyors _bProfessional Regulation and Consumer Protection _94348 |
||
| 245 | _aRules of conduct : Conduct Regulations 2003 under Bye-Laws 10(1), 19, 20 and 22B. | ||
| 250 | _aRev. ed. | ||
| 260 |
_aLondon _bRICS _c2003 |
||
| 300 |
_a[50]p. _c30cm. |
||
| 490 | _aRICS Rules of Conduct | ||
| 520 | _aCame in force 1 January 2003. | ||
| 520 | _aSuperseded by "Rules of conduct : Conduct Regulations 2004 under Bye-Laws 10(1), 19, 20 and 22B (complete set)" (J125923). Supersedes previous edition "New conduct and disciplinary regulations (July 2001): Conduct Regulations under Bye-Law 19: Disciplinary Regulations under Bye-Laws 10, 21 and 22: Disciplinary Constitutional Bodies Regulations under Bye-Laws 22 and 51" (J116520). | ||
| 650 | _aRICS BYE-LAWS | ||
| 650 | _aRICS MEMBERS' ACCOUNTS RULES | ||
| 650 | _aPROFESSIONAL CONDUCT | ||
| 650 | _aRICS PROFESSIONAL INDEMNITY INSURANCE RULES | ||
| 650 | _aRICS RULES OF CONDUCT | ||
| 650 | _aRICS REGULATIONS | ||
| 690 | _aMANAGEMENT-BUSINESS MANAGEMENT-PROFESSIONAL PRACTICE | ||
| 710 |
_aRoyal Institution of Chartered Surveyors _94900 |
||
| 942 | _n0 | ||
| 999 |
_c102586 _d102586 |
||